| 000 | 01013nac a22002651u 4500 | ||
|---|---|---|---|
| 010 | _a 2006933080 | ||
| 020 | _a9780495007487 (pbk. : student ed.) | ||
| 020 | _a049500748X (pbk. : student ed.) | ||
| 082 |
_a327 _bKEG |
||
| 090 |
_c8390 _d8390 |
||
| 100 | _aKegley, Charles W. | ||
| 245 | 1 | 4 |
_aThe global future : a brief introduction to world politics / _ba brief introduction to world politics / _cCharles W. Kegley, Jr., Gregory A. Raymond. |
| 250 | _a2nd ed. | ||
| 260 |
_aBelmont, CA : _bThomson/Wadsworth,2007. _cc2007. |
||
| 300 |
_a386 p. : _bill., maps ; _c24 cm. |
||
| 500 | _aDistributer: Al-Ahram | ||
| 504 | _aIncludes bibliographical references and index. | ||
| 511 | _aCatalogued by: Sara | ||
| 650 | 0 | _aInternational relations. | |
| 650 | 0 |
_aWorld politics _y1989- |
|
| 650 | 0 | _aGlobalization. | |
| 700 | 1 | _aRaymond, Gregory A. | |
| 856 | 4 | 1 |
_3Table of contents only _uhttp://www.loc.gov/catdir/toc/fy0712/2006933080.html |
| 942 |
_cBB _k327KEG |
||
| 999 |
_c8390 _d8390 |
||